Second report relating to the acquisition and valuation of land for public purposes (Record no. 89031)
[ view plain ]
| 000 -LEADER | |
|---|---|
| fixed length control field | 00549cam a2200181 4500 |
| 001 - CONTROL NUMBER | |
| control field | D4964 |
| 008 - FIXED-LENGTH DATA ELEMENTS--GENERAL INFORMATION | |
| fixed length control field | 090401t1918 xxu||||| |||| 00| 0 eng d |
| 035 ## - SYSTEM CONTROL NUMBER | |
| System control number | (Sirsi) u27034 |
| 041 ## - LANGUAGE CODE | |
| Language code of text/sound track or separate title | eng |
| 050 ## - LIBRARY OF CONGRESS CALL NUMBER | |
| Classification number | 711.14 |
| 110 ## - MAIN ENTRY--CORPORATE NAME | |
| Corporate name or jurisdiction name as entry element | Parliament. House of Commons Committee on the Acquisition and Valuation of Land for Public Purposes |
| 9 (RLIN) | 1385 |
| 245 ## - TITLE STATEMENT | |
| Title | Second report relating to the acquisition and valuation of land for public purposes |
| 260 ## - PUBLICATION, DISTRIBUTION, ETC. | |
| Place of publication, distribution, etc. | London |
| Name of publisher, distributor, etc. | HMSO |
| Date of publication, distribution, etc. | 1918 |
| 300 ## - PHYSICAL DESCRIPTION | |
| Extent | 40p. 33cm |
| 350 ## - PRICE (NR) (BK AM CF MU VM SE) [OBSOLETE] | |
| Price | 0.02 |
| 942 ## - ADDED ENTRY ELEMENTS (KOHA) | |
| Suppress in OPAC | 0 |
| 948 ## - LOCAL PROCESSING INFORMATION (OCLC); SERIES PART DESIGNATOR (RLIN) | |
| c (OCLC) | 04/03/1997 |
| Withdrawn status | Lost status | Source of classification or shelving scheme | Damaged status | Not for loan | Home library | Current library | Shelving location | Date acquired | Cost, normal purchase price | Total Checkouts | Full call number | Barcode | Date last seen | Copy number | Cost, replacement price | Price effective from | Koha item type |
|---|---|---|---|---|---|---|---|---|---|---|---|---|---|---|---|---|---|
| Dewey Decimal Classification | London | London | Boxed set | 08/09/1994 | 0.02 | COMMAND PAPERS | 30042114 | 06/08/2019 | 1 | 0.02 | 06/08/2019 | Book |